000
00305nam a22001217a 4500
008
160613b xxu||||| |||| 00| 0 eng d
020
_a
9780805393668
020
_a
0805393668
041
_a
eng
080
_a
618.2
245
_a
Nursing process a kritikall approach:
_c
Judith M. Wilkinson;
942
_2
udc
_c
BK
999
_c
2453
_d
2453